Rewire your mindset (Record no. 241442)
[ view plain ]
| 000 -LEADER | |
|---|---|
| fixed length control field | 01541nam a2200253 4500 |
| 005 - DATE AND TIME OF LATEST TRANSACTION | |
| control field | 20260515162204.0 |
| 008 - FIXED-LENGTH DATA ELEMENTS--GENERAL INFORMATION | |
| fixed length control field | 260515b |||||||| |||| 00| 0 eng d |
| 020 ## - INTERNATIONAL STANDARD BOOK NUMBER | |
| International Standard Book Number | 9789347027550 |
| 040 ## - CATALOGING SOURCE | |
| Transcribing agency | AL |
| 041 ## - LANGUAGE CODE | |
| Language code of text/sound track or separate title | eng |
| 082 ## - DEWEY DECIMAL CLASSIFICATION NUMBER | |
| Classification number | 158.1 |
| Item number | KEAR |
| 100 ## - MAIN ENTRY--PERSONAL NAME | |
| Personal name | Brian Keane |
| 100 ## - MAIN ENTRY--PERSONAL NAME | |
| 9 (RLIN) | 264008 |
| 245 ## - TITLE STATEMENT | |
| Title | Rewire your mindset |
| 260 ## - PUBLICATION, DISTRIBUTION, ETC. | |
| Place of publication, distribution, etc. | Ahmedabad |
| Name of publisher, distributor, etc. | Jaico Publishing House |
| Date of publication, distribution, etc. | 2026 |
| 300 ## - PHYSICAL DESCRIPTION | |
| Extent | v,324p |
| Other physical details | PB |
| Dimensions | 21.5x14cm |
| 365 ## - TRADE PRICE | |
| Source of price type code | Psychology |
| Price type code | 6831 |
| Price amount | ₹399.00 |
| Currency code | ₹ |
| Unit of pricing | ₹499.00 |
| Price note | 20% |
| Price effective from | 14-03-2026 |
| 520 ## - SUMMARY, ETC. | |
| Summary, etc. | Are you in charge of your life? Or are you being swept away by things that are seemingly out of your control?<br/>In Rewire Your Mindset, the bestselling author of The Fitness Mindset, shows you how to take control of your mental, emotional and physical world. If you have ever set a goal for yourself and then self-sabotaged the moment you hit it, let fear dictate what you do, been emotionally broken by a failure, lacked confidence and felt full of self-doubt or let negative people influence you, then this is the book for you.<br/>Read Rewire Your Mindset to:<br/>Learn how to get the success your desire and the life you deserve!<br/>Take 100% responsibility because then you can control and change your life<br/>Decide exactly what you want to achieve then make it happen<br/>Believe whatever you want is possible |
| 650 ## - SUBJECT ADDED ENTRY--TOPICAL TERM | |
| Topical term or geographic name entry element | Own your thinking control your actions change your life |
| 9 (RLIN) | 264009 |
| 650 ## - SUBJECT ADDED ENTRY--TOPICAL TERM | |
| Topical term or geographic name entry element | Self Sabotage |
| 9 (RLIN) | 264010 |
| 650 ## - SUBJECT ADDED ENTRY--TOPICAL TERM | |
| Topical term or geographic name entry element | Confidence |
| 9 (RLIN) | 264011 |
| 650 ## - SUBJECT ADDED ENTRY--TOPICAL TERM | |
| Topical term or geographic name entry element | Habits |
| 9 (RLIN) | 264012 |
| 650 ## - SUBJECT ADDED ENTRY--TOPICAL TERM | |
| Topical term or geographic name entry element | Nutrition |
| 9 (RLIN) | 264013 |
| 942 ## - ADDED ENTRY ELEMENTS (KOHA) | |
| Source of classification or shelving scheme | Dewey Decimal Classification |
| Koha item type | Book |
| Withdrawn status | Lost status | Source of classification or shelving scheme | Damaged status | Not for loan | Collection code | Home library | Current library | Date acquired | Source of acquisition | Cost, normal purchase price | Total Checkouts | Full call number | Barcode | Date last seen | Cost, replacement price | Price effective from | Koha item type |
|---|---|---|---|---|---|---|---|---|---|---|---|---|---|---|---|---|---|
| Dewey Decimal Classification | Psychology | St Aloysius Library | St Aloysius Library | 03/17/2026 | Biblios Book Point Surathkal Mangalore 575014 | 399.00 | 158.1 KEAR | 078130 | 05/15/2026 | 499.00 | 03/14/2026 | Book |